Psicanálise e linguagem (Registo nº 25825)

Detalhes MARC
000 -Etiqueta do registo
Valores 00731nam a2200253 4500
090 ## -
-- 25825
100 ## - Dados gerais de processamento
Dados gerais 20090512d1979 m y0pory5003
101 1# - Língua de publicação
-- por
-- fre
102 ## - País de publicação
-- PT
200 1# - Titulo e menção de responsabilidade
Título próprio Psicanálise e linguagem
Informação de outro título do corpo à fala
Primeira menção de responsabilidade D. Anzieu... [et al.]
Outras menções de responsabilidade trad. António José Massano de Almeida
205 ## - Menção da edição
Edição 1ª ed
210 ## - Publicação
Local de publicação Lisboa
Nome do editor Moraes
Data de publicação 1979
215 ## - Descrição física 
Paginação / Volumes 245 p.
Outras indicações físicas il.
Dimensões 23 cm
225 2# - Colecção 
Título próprio da colecção Psicologia e pedagogia
Indicação de volume 99
300 ## - Notas gerais 
Texto da nota Tít. orig. Psychanalyse et langage
675 ## - CDU
Notação 159.9
Edição med
Língua por
675 ## - CDU
Notação 800/801
Edição med
Língua por
701 #1 - Co-autor principal (pessoa individual)
Apelido Anzieu
Nome Didier
-- 070
702 #1 - Autor secundário (pessoa individual)
Apelido Almeida
Nome António José Massano de
-- 730
930 ## -
-- BECRE
999 ## -
-- Moraes
990 ## - Elementos KOHA
Tipo de documento Livro
995 ## - Localização e informação dos exemplares
-- 18
Exemplares
Situação do levantamento Estado Biblioteca de origem Biblioteca de empréstimo Código de barras Cota Permissão de empréstimo Tipo de documento
  Completo Biblioteca da Escola Básica e Secundária Dr Isidoro de Sousa Biblioteca da Escola Básica e Secundária Dr Isidoro de Sousa 1755EV 159.9 PED Disponível Livro




Powered by Koha